header

Beowulf (Record no. 4340)

MARC details
000 -LEADER
fixed length control field 01611nam a2200385Ia 4500
082 04 - DEWEY DECIMAL CLASSIFICATION NUMBER
Classification number 829/.3
245 10 - TITLE STATEMENT
Title Beowulf
260 ## - PUBLICATION, DISTRIBUTION, ETC. (IMPRINT)
Place of publication Oxford ;
-- New York :
Name of publisher Oxford University Press,
Year of publication c1999.
300 ## - PHYSICAL DESCRIPTION
Number of Pages xxxvii, 128 p. :
Other physical details 1 map.
490 1# - SERIES STATEMENT
Series statement Oxford world's classics
650 #0 - SUBJECT ADDED ENTRY--TOPICAL TERM
Topical Term English poetry
Topical Term Epic poetry, English (Old)
700 1# - ADDED ENTRY--PERSONAL NAME
Personal name Crossley-Holland, Kevin.
Personal name O'Donoghue, Heather.
856 40 - ELECTRONIC LOCATION AND ACCESS
Uniform Resource Identifier http://site.ebrary.com/lib/rucke/Doc?id=10278834

No items available.

© 2026 Rongo University
Contact us: librarian | system librarian | Rongo university